000 00272nam a2200133Ia 4500
100 _aNational instruments
650 _aLabview
942 _cBK
245 _aLabview basics II development
260 _b#N/A
082 _a5.133
_bNAT
546 _aENGLISH
999 _c24805
_d24805